| 000 | 01020nam0a22003011 4500 | ||
|---|---|---|---|
| 001 | RU\INFOCOMM_327\NLR\5000037955 | ||
| 005 | 20250613111031.0 | ||
| 035 | _a(NLR Aleph) 009579573 | ||
| 090 |
_a9181710 _c9181710 |
||
| 100 | _a20130222d1981 |||y0rusy50 ca | ||
| 101 | 1 |
_aeng _crus |
|
| 102 | _aRU | ||
| 105 | _ay z ||||| | ||
| 200 | 1 |
_aProblems in geometry _fP. S. Modenov _gTransl. from the Russ. by George Yankovsky |
|
| 210 |
_aM. _cMir _d1981 |
||
| 215 |
_a399 с. _cил. _d22 см |
||
| 300 | _aДоп. тит. л. на рус. яз. | ||
| 300 | _aВ вып. дан.: Задачи по геометрии / Петр Сергеевич Моденов | ||
| 320 | _aБиблиогр.: с. 394 | ||
| 620 | _aМосква | ||
| 686 |
_aМт-625(Задачн.поступ.ВУЗ) _2rubbk |
||
| 686 |
_a[В181.11я729-4] _2rubbk |
||
| 700 | 1 |
_aModenov _bP. S. _gPetr Sergeevič |
|
| 801 | 1 |
_aRU _bInfocomm _c20130222 |
|
| 801 | 0 |
_aRU _bINFOCOMM _gPSBO |
|
| 852 |
_aNLR _jМт01 Д-5/519 |
||
| 942 | _cBOOK | ||
| 980 | _aNB | ||